000 00641nam a2200205Ia 4500
003 GCL
008 140319s9999 xx 000 0 ara d
040 _aGCL /
_cGCL
082 0 4 _a398.2
_bح ف
100 1 _aحسين مجيب المصرى
245 1 0 _aفى الادب الشعبى الاسلامى المقارن /
_cحسين مجيب المصرى
260 _a[S.N] :
_bمكتبة الانجلوالمصرية ،
_c1980
490 _a
650 0 4 _aالاسلام
650 0 4 _aالادب المقارن
650 0 4 _aالادب الشعبى
650 0 4 _aتاريخ ونقد
650 0 4 _aالمجموعات
942 _2ddc
_cBK
999 _c31863
_d31863